<?xml version="1.0" encoding="UTF-8"?>
<record
    xmlns:xsi="http://www.w3.org/2001/XMLSchema-instance"
    xsi:schemaLocation="http://www.loc.gov/MARC21/slim http://www.loc.gov/standards/marcxml/schema/MARC21slim.xsd"
    xmlns="http://www.loc.gov/MARC21/slim">

  <leader>02033nam0a2200385   4500</leader>
  <controlfield tag="001">RU\NLR\BIBL_A\022584614</controlfield>
  <controlfield tag="005">20260420050743.0</controlfield>
  <datafield tag="010" ind1=" " ind2=" ">
    <subfield code="a">978-5-369-01977-1</subfield>
    <subfield code="b">&#x420;&#x418;&#x41E;&#x420;</subfield>
  </datafield>
  <datafield tag="010" ind1=" " ind2=" ">
    <subfield code="a">978-5-16-020654-7</subfield>
    <subfield code="b">&#x418;&#x41D;&#x424;&#x420;&#x410;-&#x41C;</subfield>
    <subfield code="9">500</subfield>
  </datafield>
  <datafield tag="021" ind1=" " ind2=" ">
    <subfield code="a">RU</subfield>
    <subfield code="b">&#x41A;&#x41D;-&#x41F;-25-024777</subfield>
    <subfield code="9">&#x41A;&#x41D;-&#x41F;-25-2469</subfield>
  </datafield>
  <datafield tag="035" ind1=" " ind2=" ">
    <subfield code="a">(NLR Aleph) 022584614</subfield>
  </datafield>
  <datafield tag="090" ind1=" " ind2=" ">
    <subfield code="a">13677852</subfield>
    <subfield code="c">13677852</subfield>
  </datafield>
  <datafield tag="100" ind1=" " ind2=" ">
    <subfield code="a">20250714d2025    k  y0rusy50      ca</subfield>
  </datafield>
  <datafield tag="101" ind1="0" ind2=" ">
    <subfield code="a">rus</subfield>
  </datafield>
  <datafield tag="102" ind1=" " ind2=" ">
    <subfield code="a">RU</subfield>
  </datafield>
  <datafield tag="105" ind1=" " ind2=" ">
    <subfield code="a">y   j   000yy</subfield>
  </datafield>
  <datafield tag="181" ind1=" " ind2="0">
    <subfield code="a">i4</subfield>
    <subfield code="b">axxe  </subfield>
  </datafield>
  <datafield tag="182" ind1=" " ind2="0">
    <subfield code="a">n</subfield>
  </datafield>
  <datafield tag="200" ind1="1" ind2=" ">
    <subfield code="a">&#x410;&#x434;&#x43C;&#x438;&#x43D;&#x438;&#x441;&#x442;&#x440;&#x430;&#x442;&#x438;&#x432;&#x43D;&#x43E;&#x435; &#x43F;&#x440;&#x430;&#x432;&#x43E; &#x420;&#x43E;&#x441;&#x441;&#x438;&#x438;</subfield>
    <subfield code="e">&#x443;&#x447;&#x435;&#x431;&#x43D;&#x438;&#x43A;</subfield>
    <subfield code="e">&#x434;&#x43B;&#x44F; &#x441;&#x442;&#x443;&#x434;&#x435;&#x43D;&#x442;&#x43E;&#x432; &#x432;&#x44B;&#x441;&#x448;&#x438;&#x445; &#x443;&#x447;&#x435;&#x431;&#x43D;&#x44B;&#x445; &#x437;&#x430;&#x432;&#x435;&#x434;&#x435;&#x43D;&#x438;&#x439;, &#x43E;&#x431;&#x443;&#x447;&#x430;&#x44E;&#x449;&#x438;&#x445;&#x441;&#x44F; &#x43F;&#x43E; &#x443;&#x43A;&#x440;&#x443;&#x43F;&#x43D;&#x435;&#x43D;&#x43D;&#x43E;&#x439; &#x433;&#x440;&#x443;&#x43F;&#x43F;&#x435; &#x441;&#x43F;&#x435;&#x446;&#x438;&#x430;&#x43B;&#x44C;&#x43D;&#x43E;&#x441;&#x442;&#x435;&#x439; 40.00.00 "&#x42E;&#x440;&#x438;&#x441;&#x43F;&#x440;&#x443;&#x434;&#x435;&#x43D;&#x446;&#x438;&#x44F;"</subfield>
    <subfield code="f">&#x421;. &#x41D;. &#x411;&#x440;&#x430;&#x442;&#x430;&#x43D;&#x43E;&#x432;&#x441;&#x43A;&#x438;&#x439;, &#x42E;. &#x412;. &#x41A;&#x430;&#x43F;&#x438;&#x442;&#x430;&#x43D;&#x435;&#x446;, &#x41C;. &#x413;. &#x412;&#x443;&#x43B;&#x430;&#x445;</subfield>
  </datafield>
  <datafield tag="203" ind1=" " ind2=" ">
    <subfield code="a">&#x422;&#x435;&#x43A;&#x441;&#x442;</subfield>
    <subfield code="b">&#x432;&#x438;&#x437;&#x443;&#x430;&#x43B;&#x44C;&#x43D;&#x44B;&#x439;</subfield>
    <subfield code="c">&#x43D;&#x435;&#x43F;&#x43E;&#x441;&#x440;&#x435;&#x434;&#x441;&#x442;&#x432;&#x435;&#x43D;&#x43D;&#x44B;&#x439;</subfield>
  </datafield>
  <datafield tag="205" ind1=" " ind2=" ">
    <subfield code="a">3-&#x435; &#x438;&#x437;&#x434;.</subfield>
  </datafield>
  <datafield tag="210" ind1=" " ind2=" ">
    <subfield code="a">&#x41C;&#x43E;&#x441;&#x43A;&#x432;&#x430;</subfield>
    <subfield code="c">&#x418;&#x41D;&#x424;&#x420;&#x410;-&#x41C;, &#x420;&#x418;&#x41E;&#x420;</subfield>
    <subfield code="d">2025</subfield>
  </datafield>
  <datafield tag="215" ind1=" " ind2=" ">
    <subfield code="a">285, [1] &#x441;.</subfield>
    <subfield code="d">22</subfield>
  </datafield>
  <datafield tag="225" ind1="1" ind2=" ">
    <subfield code="a">&#x412;&#x44B;&#x441;&#x448;&#x435;&#x435; &#x43E;&#x431;&#x440;&#x430;&#x437;&#x43E;&#x432;&#x430;&#x43D;&#x438;&#x435;</subfield>
  </datafield>
  <datafield tag="300" ind1=" " ind2=" ">
    <subfield code="a">&#x41D;&#x430; &#x43E;&#x431;&#x43E;&#x440;&#x43E;&#x442;&#x435; &#x442;&#x438;&#x442;. &#x441;. &#x430;&#x432;&#x442;.: &#x411;&#x440;&#x430;&#x442;&#x430;&#x43D;&#x43E;&#x432;&#x441;&#x43A;&#x438;&#x439; &#x421;. &#x41D;., &#x434;-&#x440; &#x44E;&#x440;&#x438;&#x434;. &#x43D;&#x430;&#x443;&#x43A;, &#x41A;&#x430;&#x43F;&#x438;&#x442;&#x430;&#x43D;&#x435;&#x446; &#x42E;. &#x412;. , &#x43A;&#x430;&#x43D;&#x434;. &#x44E;&#x440;&#x438;&#x434;. &#x43D;&#x430;&#x443;&#x43A;, &#x434;&#x43E;&#x446;., &#x412;&#x443;&#x43B;&#x430;&#x445; &#x413;. &#x41C;., &#x43A;&#x430;&#x43D;&#x434;. &#x44E;&#x440;&#x438;&#x434;. &#x43D;&#x430;&#x443;&#x43A;, &#x434;&#x43E;&#x446;.</subfield>
  </datafield>
  <datafield tag="320" ind1=" " ind2=" ">
    <subfield code="a">&#x411;&#x438;&#x431;&#x43B;&#x438;&#x43E;&#x433;&#x440;.: &#x441;. 279-282</subfield>
  </datafield>
  <datafield tag="606" ind1="1" ind2=" ">
    <subfield code="a">&#x410;&#x434;&#x43C;&#x438;&#x43D;&#x438;&#x441;&#x442;&#x440;&#x430;&#x442;&#x438;&#x432;&#x43D;&#x43E;&#x435; &#x43F;&#x440;&#x430;&#x432;&#x43E;</subfield>
    <subfield code="j">&#x423;&#x447;&#x435;&#x431;&#x43D;&#x438;&#x43A;&#x438; &#x434;&#x43B;&#x44F; &#x432;&#x44B;&#x441;&#x448;&#x438;&#x445; &#x443;&#x447;&#x435;&#x431;&#x43D;&#x44B;&#x445; &#x437;&#x430;&#x432;&#x435;&#x434;&#x435;&#x43D;&#x438;&#x439;</subfield>
    <subfield code="y">&#x420;&#x43E;&#x441;&#x441;&#x438;&#x439;&#x441;&#x43A;&#x430;&#x44F; &#x424;&#x435;&#x434;&#x435;&#x440;&#x430;&#x446;&#x438;&#x44F;</subfield>
    <subfield code="9">2077672</subfield>
    <subfield code="3">RU\NLR\AUTH\661253353</subfield>
  </datafield>
  <datafield tag="686" ind1="1" ind2=" ">
    <subfield code="a">&#x425;621&#x44F;73</subfield>
  </datafield>
  <datafield tag="700" ind1=" " ind2="1">
    <subfield code="a">&#x411;&#x440;&#x430;&#x442;&#x430;&#x43D;&#x43E;&#x432;&#x441;&#x43A;&#x438;&#x439;</subfield>
    <subfield code="b">&#x421;. &#x41D;.</subfield>
    <subfield code="f">1947-</subfield>
    <subfield code="g">&#x421;&#x435;&#x440;&#x433;&#x435;&#x439; &#x41D;&#x438;&#x43A;&#x43E;&#x43B;&#x430;&#x435;&#x432;&#x438;&#x447;</subfield>
  </datafield>
  <datafield tag="701" ind1=" " ind2="1">
    <subfield code="a">&#x41A;&#x430;&#x43F;&#x438;&#x442;&#x430;&#x43D;&#x435;&#x446;</subfield>
    <subfield code="b">&#x42E;. &#x412;.</subfield>
    <subfield code="g">&#x42E;&#x43B;&#x438;&#x44F; &#x412;&#x43B;&#x430;&#x434;&#x438;&#x43C;&#x438;&#x440;&#x43E;&#x432;&#x43D;&#x430;</subfield>
  </datafield>
  <datafield tag="701" ind1=" " ind2="1">
    <subfield code="a">&#x412;&#x443;&#x43B;&#x430;&#x445;</subfield>
    <subfield code="b">&#x413;. &#x41C;.</subfield>
    <subfield code="g">&#x413;&#x440;&#x438;&#x433;&#x43E;&#x440;&#x438;&#x439; &#x41C;&#x438;&#x445;&#x430;&#x439;&#x43B;&#x43E;&#x432;&#x438;&#x447;</subfield>
  </datafield>
  <datafield tag="942" ind1=" " ind2=" ">
    <subfield code="c">BOOK</subfield>
  </datafield>
  <datafield tag="980" ind1=" " ind2=" ">
    <subfield code="a">NB</subfield>
  </datafield>
</record>
